Analýza ukazovateľa medzinárodnej investičnej pozície a jeho vplyvu na hrubý domáci produkt

Popis vývoja ukazovateľa medzinárodnej investičnej pozície a hrubého domáceho produktu v SR v priebehu rokov 2004 – 2015. Model ECM (Error correction model). Výsledky odhadnutého modelu.

Salvato in:
Dettagli Bibliografici
Autore principale: Jánošová, Miroslava
Altri autori: Ivaničová, Zlatica
Natura: Capitolo di libro
Lingua:slovacco
Soggetti:
Tags: Aggiungi Tag
Nessun Tag, puoi essere il primo ad aggiungerne!!

MARC

LEADER 00000nla a2200000 4500
001 0233528
005 20240502073808.1
041 0 |a slo 
044 |a SK 
245 1 0 |a Analýza ukazovateľa medzinárodnej investičnej pozície a jeho vplyvu na hrubý domáci produkt  |c Miroslava Jánošová, Zlatica Ivaničová 
520 |a Popis vývoja ukazovateľa medzinárodnej investičnej pozície a hrubého domáceho produktu v SR v priebehu rokov 2004 – 2015. Model ECM (Error correction model). Výsledky odhadnutého modelu. 
610 2 0 |a modely ekonometrické 
610 2 0 |a investície 
610 2 0 |a produkt domáci hrubý 
610 2 0 |a Slovensko 
100 1 |a Jánošová, Miroslava 
700 1 |a Ivaničová, Zlatica